| 000 | 00965cad a22002415a 4500 | ||
|---|---|---|---|
| 001 | E146034 | ||
| 008 | 081204s2008 xxk f 000 0 eng d | ||
| 020 | _a1854828703 | ||
| 035 | _a(Sirsi) u146034 | ||
| 041 | 0 | _aeng | |
| 050 | 0 | 4 | _a630.09411 $2 18 |
| 110 | 2 |
_aScottish Agricultural College _bRural Policy Centre _95663 |
|
| 245 | 0 | 0 |
_aOutlook for 2009 _h[electronic resource] |
| 260 |
_aEdinburgh _bSAC _c2008 |
||
| 505 | 2 | _aForeword -- Environment -- Rural development -- Livestock -- Cereals and oilseeds | |
| 520 | _aDiscusses what 2009 might bring for the farming sector in Scotland, and looks at potential developments in environmental and rural development issues. | ||
| 521 | _aAdvanced | ||
| 590 | _aKA | ||
| 651 | 4 |
_aScotland _y1999- |
|
| 690 | _aENVIRONMENTAL AND LAND CONSULTANCY-AGRIBUSINESS-AGRICULTURE | ||
| 856 | 4 | 0 |
_uhttps://www.sac.ac.uk/ruralpolicycentre/publs/outlook/ _zView the report free of charge at www.sac.ac.uk... |
| 942 | _n0 | ||
| 999 |
_c109019 _d109019 |
||